[Event "GER-chT Lands U20"]
[Site "Hannover"]
[Date "2012.09.30"]
[Round "3.5"]
[White "Kololli, Kevin"]
[Black "Mueller, Max Ferdinand"]
[Result "0-1"]
[WhiteElo "1785"]
[BlackElo "1791"]
[PlyCount "45"]
[EventDate "2012.09.29"]
[EventType "team-swiss"]
[EventRounds "7"]
[EventCountry "GER"]
[SourceTitle "CBM 150 Extra"]
[Source "ChessBase"]
[SourceDate "2012.10.19"]
[SourceVersion "1"]
[SourceVersionDate "2012.10.19"]
[SourceQuality "1"]
[WhiteTeam "Schleswig Holstein"]
[BlackTeam "Saarland"]
[WhiteTeamCountry "GER"]
[BlackTeamCountry "GER"]

1. e4 c5 2. Nf3 d6 3. d4 cxd4 4. Nxd4 Nf6 5. Nc3 a6 6. Be3 e5 7. Nb3 Be6 8. Be2 Nbd7 9. f3 Qc7 10. Qd2 b5 11. 0-0 Nb6 12. a4 b4 13. a5 Nc4 14. Bxc4 bxc3 15. Qxc3 Qxc4 16. Qd2 Rc8 17. Rac1 Be7 18. Qf2 0-0 19. Bb6 Qb5 20. Qe3 Nd7 21. f4 exf4 22. Qf2 Nxb6 23. Nd4 0-1

[Event "GER-chT Lands U20"]
[Site "Hannover"]
[Date "2012.09.29"]
[Round "1.5"]
[White "Mueller, Max Ferdinand"]
[Black "Sabirov, Ramil"]
[Result "1/2-1/2"]
[WhiteElo "1791"]
[BlackElo "1908"]
[PlyCount "136"]
[EventDate "2012.09.29"]
[EventType "team-swiss"]
[EventRounds "7"]
[EventCountry "GER"]
[SourceTitle "CBM 150 Extra"]
[Source "ChessBase"]
[SourceDate "2012.10.19"]
[SourceVersion "1"]
[SourceVersionDate "2012.10.19"]
[SourceQuality "1"]
[WhiteTeam "Saarland"]
[BlackTeam "Nordrhein Westfalen"]
[WhiteTeamCountry "GER"]
[BlackTeamCountry "GER"]

1. Nf3 Nf6 2. c4 g6 3. Nc3 d5 4. cxd5 Nxd5 5. Qb3 Nb6 6. g3 Bg7 7. Bg2 Nc6 8. d3 0-0 9. 0-0 Be6 10. Qd1 h6 11. Be3 Nd5 12. Nxd5 Bxd5 13. Qd2 Kh7 14. a3 a5 15. Rac1 a4 16. Rc5 e6 17. Rfc1 Qd7 18. h4 Rfc8 19. Bf4 b6 20. Rxc6 Bxc6 21. Rxc6 Ra5 22. Rc4 e5 23. Be3 c5 24. Qc2 Re8 25. Bd2 Ra7 26. Nh2 f5 27. Nf1 Bf8 28. Qc1 Re6 29. Rc2 Qd8 30. Bh3 Rf7 31. Ne3 Re8 32. Ng2 Qd6 33. f4 e4 34. dxe4 Rxe4 35. Bc3 Bg7 36. Rd2 Qe6 37. Bxg7 Rxg7 38. Kf2 Re7 39. Qc2 b5 40. Ne1 Rc4 41. Qd3 Rd4 42. Qc3 b4 43. axb4 Rxd2 44. Qxd2 cxb4 45. Nc2 a3 46. Nxa3 bxa3 47. bxa3 Qb6+ 48. e3 Qb3 49. Qc1 Qa2+ 50. Kf3 Ra7 51. Qc5 Qxa3 52. Qxa3 Rxa3 53. g4 Ra5 54. Bf1 Kg7 55. gxf5 gxf5 56. h5 Kf6 57. Bg2 Ke6 58. Kg3 Kd6 59. Kh4 Ra3 60. Bh3 Ra5 61. Kg3 Rd5 62. Bg2 Rd3 63. Kf3 Kd5 64. Bh3 Ke6 65. Bg2 Kd6 66. Bh3 Rd5 67. Bf1 Kc5 68. Ba6 Kd6 1/2-1/2

[Event "GER-ch Net qual2 U14"]
[Site "Playchess.com INT"]
[Date "2012.09.05"]
[Round "3"]
[White "Martin, Julian"]
[Black "Mueller, Max Ferdinand"]
[Result "0-1"]
[WhiteElo "1472"]
[BlackElo "1785"]
[PlyCount "84"]
[EventDate "2012.09.05"]
[EventType "swiss (blitz)"]
[EventRounds "7"]
[EventCountry "GER"]
[SourceTitle "CBM 150 Extra"]
[Source "ChessBase"]
[SourceDate "2012.10.19"]
[SourceVersion "1"]
[SourceVersionDate "2012.10.19"]
[SourceQuality "1"]

1. e4 c5 2. Nf3 d6 3. d4 cxd4 4. Nxd4 Nf6 5. Nc3 a6 6. f3 e5 7. Nb3 Be6 8. Be3 Be7 9. Qd2 Qc7 10. 0-0-0 Nbd7 11. g4 b5 12. h4 Rc8 13. h5 h6 14. g5 hxg5 15. Bxg5 Rxh5 16. Rxh5 Nxh5 17. Bxe7 Kxe7 18. Bxb5 axb5 19. Nxb5 Qb6 20. Nxd6 Rc6 21. Nf5+ Bxf5 22. exf5 Nhf6 23. f4 Rd6 24. Qe1 Rxd1+ 25. Kxd1 Qd6+ 26. Kc1 Nd5 27. Qh4+ Qf6 28. Qf2 Nxf4 29. a4 Qxf5 30. Qd2 Ne6 31. Qb4+ Ke8 32. Kb1 Qf1+ 33. Ka2 Qa6 34. a5 Nd4 35. Nc5 Qb5 36. Qxb5 Nxb5 37. Nb7 Nb8 38. c4 Nc7 39. Nd6+ Ke7 40. c5 Ne8 41. Nc8+ Kd7 42. Na7 f5 0-1

[Event "GER-ch Net qual2 U14"]
[Site "Playchess.com INT"]
[Date "2012.09.05"]
[Round "1"]
[White "Mueller, Max Ferdinand"]
[Black "Wichmann, Adrian"]
[Result "1-0"]
[WhiteElo "1808"]
[BlackElo "1454"]
[PlyCount "153"]
[EventDate "2012.09.05"]
[EventType "swiss (blitz)"]
[EventRounds "7"]
[EventCountry "GER"]
[SourceTitle "CBM 150 Extra"]
[Source "ChessBase"]
[SourceDate "2012.10.19"]
[SourceVersion "1"]
[SourceVersionDate "2012.10.19"]
[SourceQuality "1"]

1. Nf3 d5 2. c4 d4 3. d3 c5 4. g3 Nc6 5. Bg2 e5 6. 0-0 Nf6 7. e3 Be7 8. exd4 exd4 9. Re1 0-0 10. a3 Bg4 11. Bf4 Qd7 12. Nbd2 Bd6 13. Bxd6 Qxd6 14. Qc2 Rfd8 15. Ne4 Nxe4 16. Rxe4 Bf5 17. Re2 Re8 18. Rae1 Rxe2 19. Qxe2 Qd7 20. Nh4 Be6 21. f4 g6 22. Nf3 Kf8 23. Ne5 Nxe5 24. Qxe5 Kg8 25. Qxc5 Re8 26. Qe5 Rc8 27. Re4 Rd8 28. Re2 Bf5 29. Be4 Bg4 30. Re1 Re8 31. Qa5 b6 32. Qd2 Qa4 33. Kf2 Qb3 34. Bg2 Rxe1 35. Kxe1 Qa2 36. h3 Bf5 37. g4 Qb1+ 38. Kf2 Bxd3 39. b4 Bxc4 40. Qxd4 Qc2+ 41. Kg3 Qd3+ 42. Qxd3 Bxd3 43. Kf3 Kf8 44. Ke3 Bc4 45. Kd4 Ba2 46. Bd5 Bb1 47. Bc4 Ke7 48. Kd5 Kd7 49. Ke5 Ke7 50. Kd5 Kd7 51. a4 Bc2 52. a5 bxa5 53. bxa5 Ba4 54. Kc5 Ke7 55. Bb5 Bd1 56. Kc6 Bf3+ 57. Kc7 Bg2 58. h4 Bf3 59. g5 f6 60. Kb8 fxg5 61. fxg5 Ke6 62. Kxa7 Kd6 63. Kb6 Ba8 64. a6 Bd5 65. a7 Be4 66. Bc4 Kd7 67. Ba6 h6 68. gxh6 Ke6 69. Bb7 Bxb7 70. Kxb7 Kf6 71. a8Q Kf5 72. Qf8+ Kg4 73. h7 Kxh4 74. h8Q+ Kg5 75. Qhf6+ Kg4 76. Qxg6+ Kh4 77. Qfh6# 1-0

[Event "GER-ch Net qual2 U14"]
[Site "Playchess.com INT"]
[Date "2012.09.05"]
[Round "7"]
[White "Tsolakidou, Stavroula"]
[Black "Mueller, Max Ferdinand"]
[Result "0-1"]
[WhiteElo "1769"]
[BlackElo "1798"]
[PlyCount "100"]
[EventDate "2012.09.05"]
[EventType "swiss (blitz)"]
[EventRounds "7"]
[EventCountry "GER"]
[SourceTitle "CBM 150 Extra"]
[Source "ChessBase"]
[SourceDate "2012.10.19"]
[SourceVersion "1"]
[SourceVersionDate "2012.10.19"]
[SourceQuality "1"]

1. e4 c5 2. Nf3 d6 3. d4 cxd4 4. Nxd4 Nf6 5. Nc3 a6 6. Be3 e5 7. Nb3 Be6 8. Qd2 Be7 9. 0-0-0 Qc7 10. f4 Nbd7 11. Kb1 b5 12. f5 Bc4 13. g4 b4 14. Bxc4 bxc3 15. Qxc3 Rc8 16. Nd2 Nxg4 17. Rhg1 Nxe3 18. Qxe3 Nb6 19. Bxa6 Qxc2+ 20. Ka1 Na4 21. Qb3 Qxb3 22. Nxb3 Ra8 23. Bb5+ Kf8 24. Bxa4 Rxa4 25. Rc1 g6 26. Rgf1 Kg7 27. Rc7 Bf6 28. Nd2 Rha8 29. a3 Rd4 30. fxg6 hxg6 31. Nf3 Rxe4 32. Ng5 Rf4 33. Ne6+ Kh6 34. Nxf4 exf4 35. Ka2 Be5 36. Rxf7 Kg5 37. b4 Rh8 38. Rf2 Kg4 39. Kb3 g5 40. a4 Rh3+ 41. Kc4 Rf3 42. Rg2+ Kh3 43. Rd2 Rc3+ 44. Kb5 f3 45. Rf2 g4 46. a5 Bxh2 47. Rh7+ Kg3 48. Rhxh2 Kf4 49. a6 g3 50. a7 gxh2 0-1

[Event "GER-ch Net qual1 U14"]
[Site "Playchess.com INT"]
[Date "2012.09.01"]
[Round "2"]
[White "Mueller, Max Ferdinand"]
[Black "Peter, Anton"]
[Result "1/2-1/2"]
[WhiteElo "1937"]
[BlackElo "1551"]
[PlyCount "78"]
[EventDate "2012.09.01"]
[EventType "swiss (blitz)"]
[EventRounds "7"]
[EventCountry "GER"]
[SourceTitle "CBM 150 Extra"]
[Source "ChessBase"]
[SourceDate "2012.10.19"]
[SourceVersion "1"]
[SourceVersionDate "2012.10.19"]
[SourceQuality "1"]

1. Nf3 Nf6 2. c4 c6 3. Nc3 d5 4. cxd5 cxd5 5. d4 Nc6 6. Bf4 Bf5 7. e3 e6 8. Bd3 Bxd3 9. Qxd3 Bb4 10. 0-0 0-0 11. Ne5 Nxe5 12. Bxe5 Rc8 13. Rac1 Qa5 14. Bxf6 gxf6 15. a3 Bxc3 16. Rxc3 Rxc3 17. Qxc3 Qxc3 18. bxc3 Rc8 19. Rc1 b5 20. Kf1 a6 21. Ke2 Kg7 22. Kd3 Rc4 23. Rb1 e5 24. Rb4 Kf8 25. f3 Ke7 26. g4 h6 27. h4 Ke6 28. f4 exd4 29. cxd4 Rc1 30. a4 Rc4 31. Rxc4 dxc4+ 32. Kc3 Kd5 33. axb5 axb5 34. g5 fxg5 35. fxg5 h5 36. Kb4 Ke4 37. Kc3 Kd5 38. Kb4 Ke4 39. Kc3 Kd5 1/2-1/2

[Event "GER-ch Net qual1 U14"]
[Site "Playchess.com INT"]
[Date "2012.09.01"]
[Round "1"]
[White "Mueller, Max Ferdinand"]
[Black "Wastian, Mareike"]
[Result "1-0"]
[WhiteElo "1937"]
[BlackElo "1485"]
[PlyCount "107"]
[EventDate "2012.09.01"]
[EventType "swiss (blitz)"]
[EventRounds "7"]
[EventCountry "GER"]
[SourceTitle "CBM 150 Extra"]
[Source "ChessBase"]
[SourceDate "2012.10.19"]
[SourceVersion "1"]
[SourceVersionDate "2012.10.19"]
[SourceQuality "1"]

1. Nf3 d5 2. g3 e6 3. Bg2 c5 4. c4 Nf6 5. 0-0 Nc6 6. cxd5 exd5 7. d4 Be6 8. Nc3 c4 9. Bg5 Be7 10. Bxf6 Bxf6 11. e3 0-0 12. b3 Qa5 13. Qc2 b5 14. bxc4 bxc4 15. Rab1 Rab8 16. Rxb8 Rxb8 17. Rb1 Rxb1+ 18. Nxb1 Qb6 19. Nc3 h6 20. Nd2 Nb4 21. Qb2 Qd6 22. Nb5 Nd3 23. Qb1 Qb6 24. Nc3 Qxb1+ 25. Ndxb1 Be7 26. Nxd5 Bxd5 27. Bxd5 Nb2 28. Kf1 Bb4 29. Ke2 c3 30. Bb3 a5 31. a3 a4 32. Bc2 Ba5 33. f3 Kf8 34. e4 Ke7 35. f4 Nc4 36. Kd3 Nd2 37. Nxd2 cxd2 38. Bxa4 Kd6 39. Bb3 f6 40. e5+ fxe5 41. fxe5+ Ke7 42. h3 Kd7 43. Ke4 Ke7 44. d5 Kd7 45. h4 Kd8 46. g4 Ke7 47. g5 Bc3 48. d6+ Kd7 49. Kd5 Kd8 50. e6 Ke8 51. gxh6 gxh6 52. e7 Kd7 53. Ba4+ Kc8 54. d7+ 1-0

[Event "GER-ch U14"]
[Site "Oberhof"]
[Date "2012.06.01"]
[Round "8"]
[White "Mueller, Max Ferdinand"]
[Black "Geldner, Gerrit"]
[Result "0-1"]
[WhiteElo "1715"]
[BlackElo "1676"]
[PlyCount "94"]
[EventDate "2012.05.27"]
[EventType "swiss"]
[EventRounds "9"]
[EventCountry "GER"]
[SourceTitle "CBM 148 Extra"]
[Source "ChessBase"]
[SourceDate "2012.06.22"]
[SourceVersion "1"]
[SourceVersionDate "2012.06.22"]
[SourceQuality "1"]

1. Nf3 d6 2. g3 e5 3. d3 f5 4. c4 Nf6 5. Nc3 Be7 6. Bg2 0-0 7. 0-0 c5 8. Bg5 Nc6 9. Bxf6 Bxf6 10. Rb1 Bd7 11. Nd5 Rb8 12. b4 cxb4 13. Nxb4 Nxb4 14. Rxb4 Bc6 15. Qb1 Qe8 16. e4 Qh5 17. Nd2 f4 18. Bf3 Qg6 19. Qd1 Bd7 20. Bg2 Bg5 21. Rb2 h5 22. Bf3 fxg3 23. hxg3 h4 24. g4 Bf4 25. Be2 Qg5 26. f3 Be3+ 27. Kg2 Qf4 28. Qe1 Kf7 29. Kh3 g5 30. Rh1 Rfc8 31. Nf1 Bd4 32. Rb1 b5 33. Qb4 Ke7 34. Qd2 bxc4 35. Qxf4 exf4 36. Nd2 cxd3 37. Bxd3 Be6 38. Rxb8 Rxb8 39. Rb1 Rxb1 40. Bxb1 Be3 41. Nb3 Kd7 42. Bd3 Kc7 43. Kg2 Kb6 44. Bc2 a5 45. a4 Bd7 46. Na1 Kc5 47. Nb3+ Kb4 0-1

[Event "GER-ch U14"]
[Site "Oberhof"]
[Date "2012.05.29"]
[Round "4"]
[White "Boehning, Kilian"]
[Black "Mueller, Max Ferdinand"]
[Result "1/2-1/2"]
[WhiteElo "1902"]
[BlackElo "1715"]
[PlyCount "111"]
[EventDate "2012.05.27"]
[EventType "swiss"]
[EventRounds "9"]
[EventCountry "GER"]
[SourceTitle "CBM 148 Extra"]
[Source "ChessBase"]
[SourceDate "2012.06.22"]
[SourceVersion "1"]
[SourceVersionDate "2012.06.22"]
[SourceQuality "1"]

1. e4 e6 2. d4 d5 3. exd5 exd5 4. Bd3 Bd6 5. Ne2 Nf6 6. Bg5 c6 7. Qd2 0-0 8. Nbc3 Nbd7 9. 0-0 Re8 10. Rae1 Nf8 11. Ng3 Ne6 12. Bf5 Bxg3 13. fxg3 Nxg5 14. Qxg5 Bxf5 15. Qxf5 Qd7 16. Qxd7 Nxd7 17. Kf2 Kf8 18. Kf3 Rxe1 19. Rxe1 Re8 20. Rxe8+ Kxe8 21. Kf4 Ke7 22. Nd1 Ke6 23. g4 f6 24. h4 g6 25. Ne3 b6 26. Kf3 c5 27. c3 c4 28. Kf4 b5 29. g5 a5 30. a3 f5 31. g4 fxg4 32. Kxg4 Nf8 33. Kf4 Nd7 34. Ng4 Kd6 35. Ne3 Ke6 36. h5 Nf8 37. Kg4 Nd7 38. hxg6 hxg6 39. Ng2 Nf8 40. Nf4+ Kd6 41. Ne2 Ne6 42. Ng1 Nd8 43. Nf3 Nc6 44. Kf4 Ke6 45. Kg4 Kd6 46. Nh4 Ne7 47. Nxg6 Nxg6 48. Kf5 Ne7+ 49. Kf6 Ng8+ 50. Kf7 Ne7 51. g6 Nf5 52. g7 Nh6+ 53. Kf8 Ke6 54. a4 b4 55. g8Q+ Nxg8 56. Kxg8 1/2-1/2

[Event "GER-ch U14"]
[Site "Oberhof"]
[Date "2012.05.27"]
[Round "2"]
[White "Mueller, Max Ferdinand"]
[Black "Baskin, Robert"]
[Result "1/2-1/2"]
[WhiteElo "1715"]
[BlackElo "2088"]
[PlyCount "65"]
[EventDate "2012.05.27"]
[EventType "swiss"]
[EventRounds "9"]
[EventCountry "GER"]
[SourceTitle "CBM 148 Extra"]
[Source "ChessBase"]
[SourceDate "2012.06.22"]
[SourceVersion "1"]
[SourceVersionDate "2012.06.22"]
[SourceQuality "1"]

1. Nf3 c5 2. g3 b6 3. Bg2 Bb7 4. c4 Nf6 5. Nc3 e6 6. d3 d5 7. cxd5 exd5 8. d4 Be7 9. 0-0 0-0 10. Bg5 Ne4 11. Bxe7 Qxe7 12. e3 Nd7 13. Rc1 Nxc3 14. Rxc3 c4 15. Nd2 b5 16. Re1 Nf6 17. Qe2 Rfe8 18. f3 Qd6 19. Qf2 Rad8 20. Rcc1 Re7 21. Rcd1 Rde8 22. Nf1 h5 23. Qc2 a5 24. Kf2 b4 25. Nd2 Qb6 26. b3 cxb3 27. Nxb3 Rc7 28. Qd2 Rc3 29. Rc1 Rxc1 30. Rxc1 a4 31. Nc5 Bc6 32. Rb1 Rb8 33. Bf1 1/2-1/2

[Event "Saarland-ch A 87th"]
[Site "Voelklingen"]
[Date "2012.04.01"]
[Round "3"]
[White "Mueller, Max Ferdinand"]
[Black "Holle, Eric"]
[Result "0-1"]
[WhiteElo "1644"]
[BlackElo "1744"]
[PlyCount "192"]
[EventDate "2012.03.30"]
[EventType "swiss"]
[EventRounds "6"]
[EventCountry "GER"]
[SourceTitle "EXT 2013"]
[Source "ChessBase"]
[SourceDate "2012.11.22"]
[SourceVersion "1"]
[SourceVersionDate "2012.11.22"]
[SourceQuality "1"]

1. Nf3 e6 2. g3 d5 3. Bg2 Nf6 4. 0-0 c5 5. d3 Nc6 6. Nbd2 Be7 7. c3 e5 8. e4 d4 9. Qc2 Be6 10. Ng5 Bg4 11. f3 Bd7 12. f4 0-0 13. Ndf3 h6 14. Nh3 Ng4 15. f5 Rc8 16. Nf2 Nf6 17. Qe2 Qb6 18. g4 Nh7 19. Kh1 Ng5 20. Rg1 Rfd8 21. Nh3 Nxf3 22. Bxf3 f6 23. Nf2 Be8 24. h4 dxc3 25. bxc3 c4 26. Be3 Qa6 27. Rad1 cxd3 28. Rxd3 Rxd3 29. Nxd3 Nd8 30. Qd2 Nf7 31. Rd1 b6 32. Kg2 Qa3 33. Rc1 Nd6 34. Qc2 Nb5 35. Bd2 Bf7 36. Bd1 Qxa2 37. Qxa2 Bxa2 38. Be2 Bc4 39. Kf2 a5 40. Be3 Rc6 41. Ke1 Nd6 42. Nf2 Bxe2 43. Kxe2 Nc4 44. Nd1 Kf7 45. Rb1 Ke8 46. Rb5 Kd7 47. Bf2 Kc7 48. Ne3 Nxe3 49. Bxe3 Kb7 50. Kd3 Ka6 51. Rb1 Bc5 52. Bd2 b5 53. g5 hxg5 54. hxg5 a4 55. gxf6 gxf6 56. Rb2 a3 57. Ra2 Ka5 58. c4+ Ka4 59. cxb5 Rb6 60. Kc4 Rxb5 61. Bc1 Rb1 62. Rc2 Bd4 63. Bxa3 Kxa3 64. Kd5 Be3 65. Ke6 Bg5 66. Rg2 Rf1 67. Rg3+ Kb4 68. Rg2 Kc3 69. Ra2 Rf4 70. Kd5 Rf1 71. Ra3+ Kd2 72. Ra4 Ke3 73. Ra3+ Kf4 74. Rd3 Re1 75. Rd2 Ke3 76. Rg2 Rd1+ 77. Ke6 Kxe4 78. Rg4+ Kf3 79. Rc4 e4 80. Kf7 e3 81. Rc3 Kf2 82. Rc6 e2 83. Re6 e1Q 84. Rxe1 Rxe1 85. Kg6 Kg3 86. Kh5 Kf4 87. Kg6 Re7 88. Kh5 Bh6 89. Kg6 Re5 90. Kh5 Rxf5+ 91. Kg6 Rg5+ 92. Kh7 Bf8 93. Kh8 Kf5 94. Kh7 Ke6 95. Kh8 Kf7 96. Kh7 Rh5# 0-1

[Event "GER-chA U25"]
[Site "Oberhof"]
[Date "2011.06.18"]
[Round "9"]
[White "Mueller, Max Ferdinand"]
[Black "Kast, Joannis"]
[Result "0-1"]
[WhiteElo "1639"]
[BlackElo "1745"]
[PlyCount "120"]
[EventDate "2011.06.11"]
[EventType "swiss"]
[EventRounds "9"]
[EventCountry "GER"]
[SourceTitle "CBM 142 Extra"]
[Source "ChessBase"]
[SourceDate "2011.06.27"]
[SourceVersion "1"]
[SourceVersionDate "2011.06.27"]
[SourceQuality "1"]

1. e4 e5 2. Nf3 Nc6 3. Bb5 a6 4. Ba4 Nf6 5. 0-0 Be7 6. Re1 b5 7. Bb3 0-0 8. c3 d5 9. exd5 Nxd5 10. Nxe5 Nxe5 11. Rxe5 Nf6 12. d4 Bd6 13. Bf4 Bxe5 14. Bxe5 Bb7 15. Nd2 Nd7 16. Bf4 c5 17. Be3 c4 18. Bc2 Nf6 19. Nf3 Qd5 20. Qf1 Rfe8 21. Re1 Re7 22. h3 Rae8 23. b3 Rc8 24. b4 Rce8 25. Bb1 Ne4 26. Rc1 f6 27. Nd2 Nxd2 28. Bxd2 Qh5 29. Qd1 Qxd1+ 30. Rxd1 Be4 31. Bxe4 Rxe4 32. Be3 Kf7 33. Kf1 Ke6 34. Re1 Kd5 35. g3 R4e6 36. Ke2 Ra8 37. a3 a5 38. f4 axb4 39. axb4 Ra2+ 40. Kf3 Rc2 41. f5 Ra6 42. Rc1 Rxc1 43. Bxc1 Ra2 44. Ke3 Rg2 45. g4 Rg3+ 46. Kd2 Rxh3 47. Kc2 Rh2+ 48. Kb1 Rg2 49. g5 fxg5 50. f6 gxf6 51. Be3 f5 52. Ka1 f4 53. Bc1 f3 54. Be3 g4 55. Kb1 g3 56. Ka1 f2 57. Bc1 f1Q 58. Kb1 Qd3+ 59. Ka1 Qc2 60. Bb2 Qxb2# 0-1

[Event "GER-chA U25"]
[Site "Oberhof"]
[Date "2011.06.14"]
[Round "5"]
[White "Mueller, Max Ferdinand"]
[Black "George, Tom"]
[Result "1/2-1/2"]
[WhiteElo "1639"]
[BlackElo "1855"]
[PlyCount "114"]
[EventDate "2011.06.11"]
[EventType "swiss"]
[EventRounds "9"]
[EventCountry "GER"]
[SourceTitle "CBM 142 Extra"]
[Source "ChessBase"]
[SourceDate "2011.06.27"]
[SourceVersion "1"]
[SourceVersionDate "2011.06.27"]
[SourceQuality "1"]

1. e4 c5 2. Nc3 d6 3. f4 Nc6 4. Nf3 g6 5. Bc4 Bg7 6. 0-0 e6 7. d3 Nge7 8. Qe1 0-0 9. Qh4 d5 10. Bb3 Nd4 11. Nxd4 cxd4 12. Ne2 dxe4 13. dxe4 Qb6 14. Kh1 Qc7 15. Rf3 f5 16. e5 Nc6 17. Qf2 Qb6 18. c3 dxc3 19. Qxb6 axb6 20. Rxc3 Na5 21. Bc2 Bd7 22. Be3 b5 23. Rd1 Bc6 24. Nd4 Rfe8 25. b4 Nc4 26. Bb3 Bf8 27. Bxc4 bxc4 28. Nxc6 bxc6 29. Rxc4 Rxa2 30. Bc5 Bxc5 31. Rxc5 Rb2 32. Rxc6 Rxb4 33. g3 Rb2 34. Rcd6 Rc8 35. Rd8+ Rxd8 36. Rxd8+ Kg7 37. Rd7+ Kg8 38. Re7 Rb6 39. Kg2 h5 40. Kh3 Kf8 41. Rd7 Rb2 42. Rc7 Ra2 43. Rc1 Kg7 44. Rh1 Kh6 45. Rd1 Kg7 46. Rd7+ Kf8 47. Rd6 Kf7 48. Rc6 Rb2 49. Rc7+ Kf8 50. Ra7 Rc2 51. Ra1 Kg7 52. Ra6 Kf7 53. Rd6 Rb2 54. Rd8 Rc2 55. Rh8 Kg7 56. Re8 Kf7 57. Rb8 Ra2 1/2-1/2

[Event "GER-chA U25"]
[Site "Oberhof"]
[Date "2011.06.12"]
[Round "1"]
[White "Mueller, Max Ferdinand"]
[Black "Siebarth, Marco"]
[Result "0-1"]
[WhiteElo "1639"]
[BlackElo "2034"]
[PlyCount "100"]
[EventDate "2011.06.11"]
[EventType "swiss"]
[EventRounds "9"]
[EventCountry "GER"]
[SourceTitle "CBM 142 Extra"]
[Source "ChessBase"]
[SourceDate "2011.06.27"]
[SourceVersion "1"]
[SourceVersionDate "2011.06.27"]
[SourceQuality "1"]

1. e4 c5 2. c3 d5 3. e5 Nc6 4. d4 cxd4 5. cxd4 Bf5 6. Nc3 e6 7. Nf3 h6 8. a3 Rc8 9. Be2 f6 10. exf6 Nxf6 11. 0-0 Bd6 12. Nb5 Bb8 13. Be3 a6 14. Nc3 0-0 15. Qd2 Qd6 16. g3 Qe7 17. Nh4 Bh7 18. Bd3 g5 19. Ng2 Ne4 20. Qc2 Nd6 21. f4 g4 22. Bxh7+ Qxh7 23. Qe2 h5 24. Bf2 Rfe8 25. Rad1 Nf5 26. Ne1 Ba7 27. Nc2 Qg7 28. Qd3 Qf6 29. Rd2 Rc7 30. Re1 Kf7 31. Red1 Rec8 32. Ne2 Na5 33. b3 Kg7 34. Ne3 Nd6 35. b4 Nac4 36. Rc2 Nxe3 37. Rxc7+ Rxc7 38. Bxe3 Rc4 39. Rc1 b5 40. Rxc4 dxc4 41. Qd1 Qf5 42. Kf2 Qd5 43. Nc3 Ne4+ 44. Nxe4 Qxe4 45. Qd2 Kg6 46. Qc3 Kf5 47. Qd2 Kf6 48. Qc3 Ke7 49. Qd2 Kd6 50. Qc3 Kd5 0-1

[Event "GER-ch Net final U14"]
[Site "Playchess.com INT"]
[Date "2011.05.18"]
[Round "1"]
[White "Mueller, Max Ferdinand"]
[Black "Hirschmann, Jakob"]
[Result "1-0"]
[WhiteElo "1558"]
[BlackElo "1829"]
[PlyCount "109"]
[EventDate "2011.05.18"]
[EventType "swiss (blitz)"]
[EventRounds "9"]
[EventCountry "GER"]
[SourceTitle "CBM 142 Extra"]
[Source "ChessBase"]
[SourceDate "2011.06.27"]
[SourceVersion "1"]
[SourceVersionDate "2011.06.27"]
[SourceQuality "1"]

1. d4 e6 2. e3 d5 3. c3 Nf6 4. f4 b6 5. Bd3 Ba6 6. Nf3 Bxd3 7. Qxd3 Nc6 8. 0-0 Bd6 9. Ne5 0-0 10. Nxc6 Qe8 11. Ne5 Ne4 12. Nd2 f6 13. Nef3 Nxd2 14. Bxd2 Qa4 15. b3 Qd7 16. c4 Rac8 17. Rac1 Rfd8 18. cxd5 exd5 19. b4 Qg4 20. Qb3 Qf5 21. Qc2 Qe6 22. b5 Ba3 23. Rce1 c5 24. bxc6 Rxc6 25. Qb3 Be7 26. Rc1 Rdc8 27. Rxc6 Rxc6 28. Rc1 Rxc1+ 29. Bxc1 Qc6 30. Bb2 a5 31. Qc3 Qb5 32. Nh4 g6 33. Nf3 Qe2 34. Qb3 Kg7 35. h3 Bb4 36. Ba3 Be1 37. Nxe1 Qxe1+ 38. Kh2 Qf2 39. Qc3 g5 40. fxg5 fxg5 41. Qc7+ Kg6 42. Qxb6+ Kh5 43. Qe6 h6 44. Qg4+ Kg6 45. Qe6+ Kh5 46. Qxd5 Qxe3 47. Qf3+ Qxf3 48. gxf3 Kg6 49. Kg3 Kf5 50. Bc5 h5 51. a4 h4+ 52. Kf2 Kf4 53. Bb6 Kf5 54. Bxa5 Ke6 55. Bd8 1-0

[Event "GER-ch Net qual3 U14"]
[Site "Playchess.com INT"]
[Date "2011.05.08"]
[Round "3"]
[White "Huchebrink, Chris"]
[Black "Mueller, Max Ferdinand"]
[Result "0-1"]
[WhiteElo "1755"]
[BlackElo "1525"]
[PlyCount "92"]
[EventDate "2011.05.08"]
[EventType "swiss (blitz)"]
[EventRounds "7"]
[EventCountry "GER"]
[SourceTitle "CBM 142 Extra"]
[Source "ChessBase"]
[SourceDate "2011.06.27"]
[SourceVersion "1"]
[SourceVersionDate "2011.06.27"]
[SourceQuality "1"]

1. e4 e6 2. d3 d5 3. Nd2 Nf6 4. Ngf3 Be7 5. g3 0-0 6. Bg2 Nc6 7. 0-0 b6 8. Re1 Bb7 9. exd5 Nxd5 10. Nc4 Qd7 11. Ne3 Nxe3 12. Bxe3 Bf6 13. c3 Rad8 14. d4 Ne7 15. Qc2 Nd5 16. Bg5 h6 17. Bxf6 Nxf6 18. Ne5 Qc8 19. f4 Bxg2 20. Qxg2 c5 21. Nc6 Rd7 22. dxc5 bxc5 23. Ne5 Rc7 24. c4 Rd8 25. Rad1 Rxd1 26. Rxd1 Nd7 27. Qe4 Nxe5 28. Qxe5 Rc6 29. Rd6 Rxd6 30. Qxd6 Qb7 31. Qxc5 Qxb2 32. Qxa7 Qc1+ 33. Kg2 Qxc4 34. a4 Qe2+ 35. Kh3 Qf1+ 36. Kg4 Qe2+ 37. Kh3 g5 38. fxg5 hxg5 39. Qd4 f5 40. Qd8+ Kg7 41. Qxg5+ Kf7 42. Qh5+ Qxh5+ 43. Kg2 Qe2+ 44. Kh3 Qa2 45. Kh4 Qxa4+ 46. Kh5 Qg4+ 0-1

[Event "GER-ch Net qual2 U14"]
[Site "Playchess.com INT"]
[Date "2011.05.04"]
[Round "1"]
[White "Mueller, Max Ferdinand"]
[Black "Grigorian, Spartak"]
[Result "0-1"]
[WhiteElo "1398"]
[BlackElo "1732"]
[PlyCount "150"]
[EventDate "2011.05.04"]
[EventType "swiss (blitz)"]
[EventRounds "7"]
[EventCountry "GER"]
[SourceTitle "CBM 142 Extra"]
[Source "ChessBase"]
[SourceDate "2011.06.27"]
[SourceVersion "1"]
[SourceVersionDate "2011.06.27"]
[SourceQuality "1"]

1. Nf3 c5 2. c4 Nc6 3. d3 g6 4. e3 Bg7 5. Be2 Nf6 6. 0-0 d5 7. cxd5 Nxd5 8. Nbd2 0-0 9. a3 b6 10. Qc2 Bb7 11. e4 Nc7 12. Nc4 Ne6 13. Be3 Ned4 14. Nxd4 Nxd4 15. Bxd4 Qxd4 16. Rab1 Rac8 17. Qc1 Rfd8 18. Qe3 Ba6 19. Qxd4 Rxd4 20. b3 Rcd8 21. Rbd1 Kf8 22. f4 Ke8 23. Rf3 h5 24. Rg3 b5 25. Nb2 R4d6 26. e5 Rd4 27. Bxh5 Bh6 28. Be2 Rxf4 29. Rh3 Bg7 30. Re3 e6 31. Bf3 Ke7 32. g3 Rfd4 33. Kf2 c4 34. bxc4 bxc4 35. dxc4 Rxd1 36. Bxd1 Rd2+ 37. Re2 Rxe2+ 38. Bxe2 Bxe5 39. Na4 Bd4+ 40. Kg2 Kd6 41. Kf3 Bc5 42. Nxc5 Kxc5 43. h4 Bxc4 44. Bxc4 Kxc4 45. g4 Kd5 46. Kf4 f6 47. h5 e5+ 48. Kf3 gxh5 49. gxh5 Ke6 50. Kg4 Kf7 51. h6 Kg6 52. a4 Kxh6 53. a5 Kg7 54. a6 Kf7 55. Kf5 Ke7 56. Ke4 Ke6 57. Ke3 f5 58. Kf3 Kd5 59. Ke3 f4+ 60. Kf3 Kd4 61. Ke2 e4 62. Kf2 f3 63. Ke1 e3 64. Kd1 Kd3 65. Ke1 f2+ 66. Kf1 e2+ 67. Kxf2 Kd2 68. Kf3 e1Q 69. Kg4 Qf2 70. Kh5 Qg3 71. Kh6 Ke3 72. Kh5 Kf4 73. Kh6 Kf5 74. Kh7 Kf6 75. Kh8 Qg7# 0-1